| 000 | 00000nam##2200000za#4500 |
| 001 | 9.528069 |
| 003 | CaOODSP |
| 005 | 20200327071202 |
| 007 | ta |
| 008 | 150406|1997||||xxc||||| f|0| 0 fre|d |
| 020 | |a0-660-60117-6 |
| 040 | |aCaOODSP|bfre |
| 041 | |aeng |
| 041 | |afre |
| 043 | |an-cn--- |
| 086 | 1 |aBT31-2/1998-III-76 |
| 110 | 1 |aCanada. |bConseil du trésor. |
| 245 | 10|aCommissariats à l'information et à la protection de la vie privée |
| 260 | |aOttawa - Ontario : |bSecrétariat du Conseil du Trésor du Canada |c1997. |
| 300 | |aTexte français, 30p. : |bgraphiques, tableaux ; |c28 cm. |
| 490 | 1 |aBudget des dépenses 1997-1998, partie III: Plan de dépenses |
| 546 | |aBilingue |
| 563 | |aCouverture souple |
| 590 | |a97-08|b1997-02-21 |
| 776 | 0#|tOffices of the Information and Privacy Commissioners, 1997-98 estimates, part III, expenditure plan |w(CaOODSP)9.567608 |
| 776 | 0#|tCommissariats à l'information et à la protection de la vie privée, budget des dépenses 1997-1998, partie III, plan de dépenses |w(CaOODSP)9.598938 |
| 791 | |tOffice of the Information and Privacy Commissioners |eeng|w(CaOODSP)9.528068 |
| 830 | #0|aBudget des dépenses 1997-1998, partie III: Plan de dépenses.|w(CaOODSP)9.508959 |